Selections from Esping-Andersen's The Three worlds of welfare capitalism, chapters 1-2
Gardado en:
| Formato: | Texto |
|---|---|
| Etiquetas: |
Engadir etiqueta
Sen Etiquetas, Sexa o primeiro en etiquetar este rexistro!
|
MARC
| LEADER | 00000 a a2200000 04500 | ||
|---|---|---|---|
| 001 | 44737 | ||
| 003 | |||
| 040 | |||
| 245 | |a Selections from Esping-Andersen's The Three worlds of welfare capitalism, chapters 1-2 | ||
| 999 | |c 25818 |d 25818 | ||
